¿Pueden las aplicaciones educativas de los dispositivos móviles ayudar al desarrollo de las inteligencias múltiples?. (Record no. 172798)
[ view plain ]
| 000 -CABECERA | |
|---|---|
| campo de control de longitud fija | 01603nab a2200337 a 4500 |
| 005 - FECHA Y HORA DE LA ÚLTIMA TRANSACCIÓN | |
| campo de control | 20210219162246.0 |
| 008 - ELEMENTOS DE LONGITUD FIJA--INFORMACIÓN GENERAL | |
| campo de control de longitud fija | 991125s1985 mx 000 0 spa u |
| 035 ## - NÚMERO DE CONTROL DEL SISTEMA | |
| Número de control de sistema | UPN01000200697 |
| 049 ## - COLECCIÓN | |
| Colección | ART-E |
| 100 1# - ASIENTO PRINCIPAL--NOMBRE PERSONAL | |
| Nombre de persona | Santiago Campión, Raúl |
| 100 1# - ASIENTO PRINCIPAL--NOMBRE PERSONAL | |
| Filiación | raul.santiago@unirioja.es |
| 100 1# - ASIENTO PRINCIPAL--NOMBRE PERSONAL | |
| Nombre de persona | Amo Filvà, Daniel |
| 100 1# - ASIENTO PRINCIPAL--NOMBRE PERSONAL | |
| Filiación | damof@uoc.edu |
| 100 1# - ASIENTO PRINCIPAL--NOMBRE PERSONAL | |
| Nombre de persona | Díez Ochoa, Alicia |
| 100 1# - ASIENTO PRINCIPAL--NOMBRE PERSONAL | |
| Filiación | aliciadiez@me.com |
| 222 00 - TÍTULO CLAVE | |
| Título clave | EDUTEC : |
| Información calificativa | REVISTA ELECTRONICA DE TECNOLOGIA EDUCATIVA |
| 245 00 - MENCIÓN DE TÍTULO | |
| Título | ¿Pueden las aplicaciones educativas de los dispositivos móviles ayudar al desarrollo de las inteligencias múltiples?. |
| 260 ## - PUBLICACIÓN, DISTRIBUCIÓN, ETC. | |
| Lugar de publicación, distribución, etc. | España |
| 300 ## - DESCRIPCIÓN FÍSICA | |
| Extensión | 1-10 |
| 362 0# - FECHAS DE PUBLICACIÓN Y/O DESIGNACIÓN SECUENCIAL | |
| Fecha de publicación y/o designación secuencial | 2014 No. 47, abr. |
| 336 ## - TIPO DE CONTENIDO | |
| Término de tipo de contenido | texto$2rdacontent |
| 337 ## - TIPO DE MEDIO | |
| Nombre/término del tipo de medio | computadora$2rdamedia |
| 338 ## - TIPO DE SOPORTE | |
| Nombre/término del tipo de soporte | recurso en linea$2rdacarrier |
| 520 3# - NOTA DE RESUMEN, ETC. | |
| Sumario, etc. | En este artículo presentamos una propuesta práctica y concreta para abordar el desarrollo y potenciación de las inteligencias múltiples mediante el uso de aplicaciones educativas diseñadas para dispositivos móviles. La primera parte consistirá en describir el concepto y relevancia educativa de las inteligencias múltiples para luego considerar las ventajas de la incorporación de los dispositivos móviles y realizar una propuesta concreta de tres apps por cada una de las nueve inteligencias. |
| 653 0# - TERMINO DE INDIZACION - NO CONTROLADO | |
| Término no controlado | INTELIGENCIAS MULTIPLES |
| 653 0# - TERMINO DE INDIZACION - NO CONTROLADO | |
| Término no controlado | APRENDIZAJE MOVIL |
| 653 0# - TERMINO DE INDIZACION - NO CONTROLADO | |
| Término no controlado | APLICACIONES EDUCATIVAS |
| 856 4# - LOCALIZACIÓN Y ACCESO ELECTRÓNICOS | |
| Identificador Uniforme del Recurso | <a href="http://edutec.rediris.es/Revelec2/Revelec47/pdf/Edutec-e_n47_Santiago-Amo-Diez.pdf">http://edutec.rediris.es/Revelec2/Revelec47/pdf/Edutec-e_n47_Santiago-Amo-Diez.pdf</a> |
| 905 ## - TIPO DE MATERIAL | |
| Tipo de material | Articulo |
No items available.
